Statistics for Weather A-Z

Click here to take the quiz!

General Stats

  • This quiz has been taken 106 times
  • The average score is 15 of 25

Answer Stats

HintAnswer% Correct
BWinter storm with major blowing and drifting of snowBlizzard
96%
EThe relatively calm center in a hurricaneEye
84%
DA prolonged period of abnormally low rainfallDrought
81%
NThe period of the day between dusk and dawnNight
81%
TA long high sea wave caused by an earthquakeTsunami
80%
FThe standard scale used to measure temperature in the United StatesFahrenheit
77%
PRelating to the North or South PolePolar
77%
RA forest which grows in a region of heavy annual precipitationRainforest
77%
SRelating to the sunSolar
72%
IA time of widespread glaciationIce Age
69%
YThe period during which the Earth completes one revolution around the sunYear
69%
XElectromagnetic radiationX-Ray
65%
LThe side away from the wind. The opposite of windwardLeeward
63%
MThe science dealing with the atmosphere and its phenomenaMeteorology
63%
VA whirling mass of air in the form of a column or spiralVortex
61%
HA condition resulting from excessive exposure to intense heatHeat Stroke
56%
OThe study of the oceanOceanography
56%
JFast flowing, narrow, meandering air currents in the atmosphereJet Stream
52%
CThe science that deals with the phenomena of climates or climatic conditionsClimatology
51%
WThe state of the atmosphere with respect to wind, temperature, cloudiness, moisture and pressureWeather
51%
GRecrystallized snow on the surface of the ground, that moves slowly downslopeGlacier
47%
AThe mixture of gases comprising the earth's atmosphereAir
43%
ZA soft gentle breezeZephyr
35%
KA wind that is created by air flowing downhillKatabatic Wind
11%
UAgency that studies the landscape of the U.S. its natural resources, and the natural hazards that threaten it.United States Geological Survey
5%

Score Distribution

Percentile by Number Answered

Percent of People with Each Score

Your Score History

You have not taken this quiz